| 000 | 00704nam a2200241Ia 4500 | ||
|---|---|---|---|
| 003 | OSt | ||
| 005 | 20220926021045.0 | ||
| 006 | a|||||r|||| 00| 0 | ||
| 007 | ta | ||
| 008 | 220923b |||||||| |||| 00| 0 eng d | ||
| 037 | _cGeneral Book | ||
| 040 |
_aRTL _cRTL _beng |
||
| 041 |
_2eng _aeng |
||
| 082 | _aY:421, J4/UN | ||
| 110 |
_aUnited Nations, Social Affairs (Deptt of-) _9325707 |
||
| 245 | 0 | _aServices for the physically handicapped | |
| 260 |
_aNew York _bThe Author _c1954 |
||
| 300 |
_av,31p _ccm. |
||
| 650 |
_aAlcoholism _9247596 |
||
| 700 |
_aUnited Nations, Social Affairs (Deptt of-) _9325708 |
||
| 942 |
_hY:421, J4/UN _cGB _2CC |
||
| 999 |
_c635648 _d635648 |
||